000 01380nam a2200241Ia 4500
003 Ost
005 20260507075423.0
008 260507s9999||||xx |||||||||||||| ||und||
020 _a9789957970741
040 _cfsecg
041 _aara
082 _a330
100 _aعبيدات، سليمان خالد
_eمؤلف
245 0 _aالأساليب الكمية في الإدارة /
_c سليمان خالد عبيدات
260 _aعمان:
_bدار المسيرة للنشر والتوزيع,
_c2015
300 _a503 صفحة؛
_bإيضاحات ؛
_c25 سم
504 _aالمراجع ص.499
520 _aيضم مقدمة في الأساليب الكمية، نظرية وشجرة القرارات، البرمجة الخطية، طريقة الرسم والطريقة المبسطة، تحليل الحساسية والحل الثاني، مشكلة النقل، طريقة التعيين أو التخصيص، تطبيقات البرمجة الخطية، إدارة المشاريع، النماذج الشبكية، نظرية المباريات(الألعاب)، نظرية الانتظار أو خطوط الانتظار، البرمجة المتغيرة"الديناميكية".
653 _aالإحصاء - المعاملات الإرتباطية
653 _aبحوث العمليات
653 _aتقنيات الإدارة
942 _cكتاب
999 _c44472
_d44472